Veto message -- Making supplemental appropriations for the Federal Security Agency. Message from the President of the United States returning without approval the bill (H. R. 6355) making supplemental appropriations for the Federal Security Agency for the fiscal year ending June 30, 1949, and for other purposes.

Bibliographic Details
Corporate Author: ProQuest (Firm)
Format: eBook
Language:English
Published: Washington : [publisher not identified], 1948.
Series:United States congressional serial set.
Subjects:
Online Access:Connect to the full text of this electronic book

MARC

Tag First Indicator Second Indicator Subfields
LEADER 00000cam a22000001a 4500
001 in00003091921
005 20190403181118.0
006 m o d
007 cr un mmmapmmp
008 080310s1948 dcu o f000 0 eng d
035 |a cis2004229935 
040 |a UMI  |c UMI  |d UtOrBLW 
043 |a n-us--- 
099 |a ProQuest Serial Set Number 11241 H.doc.714 
245 0 0 |a Veto message -- Making supplemental appropriations for the Federal Security Agency. Message from the President of the United States returning without approval the bill (H. R. 6355) making supplemental appropriations for the Federal Security Agency for the fiscal year ending June 30, 1949, and for other purposes. 
246 1 |a Veto message on Supplemental Federal Security Agency appropriation bill, 1949 
264 1 |a Washington :  |b [publisher not identified],  |c 1948. 
300 |a 1 online resource. 
336 |a text  |b txt  |2 rdacontent 
337 |a computer  |b c  |2 rdamedia 
338 |a online resource  |b cr  |2 rdacarrier 
490 0 |a H.doc.714 
500 |a Record is based on bibliographic data in ProQuest U.S. Serial Set Digital Collection (last viewed Mar. 2008). Reuse except for individual research requires license from ProQuest, LLC. 
510 3 |a ProQuest U.S. Serial Set Digital Collection 
500 |a Electronic resource. 
610 1 0 |a United States.  |b Federal Security Agency. 
650 0 |a Budget  |z United States. 
655 7 |a Electronic books.  |2 local 
710 2 |a ProQuest (Firm) 
830 0 |a United States congressional serial set. 
856 4 0 |u http://proxy.library.tamu.edu/login?url=http://congressional.proquest.com/congcomp/getdoc?SERIAL-SET-ID=11241+H.doc.714  |z Connect to the full text of this electronic book  |t 0 
999 |a MARS 
999 f f |s f02b4719-b5d2-3177-bbc4-baa37d158bae  |i 9002fa8a-8bb0-35cc-8cbc-21526961c333  |t 0 
952 f f |a Texas A&M University  |b College Station  |c Electronic Resources  |d Available Online  |t 0  |e ProQuest Serial Set Number 11241 H.doc.714  |h Other scheme 
998 f f |a ProQuest Serial Set Number 11241 H.doc.714  |t 0  |l Available Online